Statistiques concernant Les films de Quentin Tarantino

Cliquez ici pour prendre le quiz!

Statistiques générales

  • Ce quiz a été pris 194 fois
  • Le résultat moyen est 7 sur 10

Statistiques - réponses

AnnéeFilm% Correct
2003Kill Bill : Volume 1
93%
1994Pulp Fiction
91%
2004Kill Bill : Volume 2
90%
2012Django Unchained
86%
1992Reservoir Dogs
83%
2019Once Upon a Time in Hollywood
77%
1997Jackie Brown
64%
2015Les Huit Salopards
60%
2007Boulevard de la mort
51%
2009Inglourious Basterds
50%

Distribution des résultats

Percentile par nombre de réponses

% des personnes avec chaque résultat

Votre développement - résultats

Vous n’avez pas pris ce quiz